Catalog

Record Details

Catalog Search



Available copies

  • 1 of 1 copy available at LARL/NWRL Consortium.

Current holds

0 current holds with 1 total copy.

Show Only Available Copies
Location Call Number / Copy Notes Barcode Shelving Location Status Due Date
Warroad Public Library 973.3 FIS (Text) 35500003514187 Main Available -

Record details

  • ISBN: 0195098315 (pbk.)
  • Physical Description: xviii, 445 p. : ill., maps ; 25 cm.
  • Publisher: New York : Oxford University Press, 1994.

Content descriptions

Bibliography, etc. Note:
Includes bibliographical references (p. 373-421) ... Read More
Subject: Revere, Paul, 1735-1818.
Massachusetts > History > Revolution, 1775-1783.
Lexington, Battle of, Lexington, Mass., 1775.
Concord, Battle of, Concord, Mass., 1775.
LDR 00996mam a2200253 a 4500
00156045
003LARL_NWRL_CONSORTIUM
00520040610130555.0
008930624s1994 nyuab b 001 0 eng
020 . ‡a0195098315 (pbk.)
035 . ‡9ASJ3792UW
040 . ‡aDLC ‡cDLC ‡dWIH
043 . ‡an-us-ma
08200. ‡a973.3/311/092 ‡220
1001 . ‡aFischer, David Hackett, ‡d1935- ‡0(LARL_NWRL_CONSORTIUM)46127
24510. ‡aPaul Revere's ride / ‡cDavid Hackett Fischer.
260 . ‡aNew York : ‡bOxford University Press, ‡c1994.
300 . ‡axviii, 445 p. : ‡bill., maps ; ‡c25 cm.
504 . ‡aIncludes bibliographical references (p. 373-421) and index.
60010. ‡aRevere, Paul, ‡d1735-1818. ‡0(LARL_NWRL_CONSORTIUM)3923
651 0. ‡aMassachusetts ‡xHistory ‡yRevolution, 1775-1783. ‡0(LARL_NWRL_CONSORTIUM)25236
650 0. ‡aLexington, Battle of, Lexington, Mass., 1775. ‡0(LARL_NWRL_CONSORTIUM)24457
650 0. ‡aConcord, Battle of, Concord, Mass., 1775. ‡0(LARL_NWRL_CONSORTIUM)17425
901 . ‡a56045 ‡bISxN ‡c56045 ‡tbiblio

Additional Resources